[Event "European Hybrid Qual 2021"]
[Site "Tornelo INT"]
[Date "2021.05.29"]
[Round "3.4"]
[White "Inarkiev, Ernesto"]
[Black "Afanasiev, Nikita"]
[Result "0-1"]
[WhiteTitle "GM"]
[BlackTitle "GM"]
[WhiteElo "2654"]
[BlackElo "2522"]
[WhiteFideId "4162722"]
[BlackFideId "24183555"]
[EventDate "2021.05.24"]
[EventType "k.o."]

1. d4 Nf6 2. c4 e6 3. Nf3 b6 4. a3 Bb7 5. Nc3 Ne4 6. Nxe4 Bxe4 7. Nd2 Bb7 8. e4
g6 9. Bd3 Bg7 10. Nf3 O-O 11. O-O d6 12. Bg5 Bf6 13. Bh6 Bg7 14. Qd2 Nd7 15.
Rfe1 Bxh6 16. Qxh6 Qf6 17. b4 a5 18. Qe3 axb4 19. axb4 c5 20. e5 Qe7 21. exd6
Qxd6 22. dxc5 bxc5 23. Rad1 Ra3 24. Bf1 Rxe3 25. Rxd6 Rxe1 26. Nxe1 Ne5 27. f4
Ng4 28. b5 Ra8 29. Nd3 Rc8 30. Rd7 Be4 31. Ne5 Nxe5 32. fxe5 Kf8 33. Kf2 Ke8 34.
Ra7 Rb8 35. Be2 Bb7 36. Bf3 Bxf3 37. gxf3 h6 38. Rb7 Rxb7 0-1

[Event "European Hybrid Qual 2021"]
[Site "Tornelo INT"]
[Date "2021.05.28"]
[Round "3.1"]
[White "Oparin, Grigoriy"]
[Black "Petkov, Momchil"]
[Result "1-0"]
[WhiteTitle "GM"]
[BlackTitle "FM"]
[WhiteElo "2652"]
[BlackElo "2426"]
[WhiteFideId "24125890"]
[BlackFideId "2921642"]
[EventDate "2021.05.24"]
[EventType "k.o."]

1. Nf3 d5 2. g3 g6 3. c4 dxc4 4. Na3 Bg7 5. Nxc4 Nc6 6. d3 e5 7. Bd2 Nge7 8. Bg2
O-O 9. b4 Be6 10. Rc1 a6 11. a4 h6 12. O-O Nd5 13. b5 axb5 14. axb5 Nd4 15.
Ncxe5 Nxb5 16. e4 Nb6 17. Be3 Nd7 18. d4 Nxe5 19. Nxe5 Bxe5 20. dxe5 Qxd1 21.
Rfxd1 Kh7 22. f4 Rfd8 23. Rxd8 Rxd8 24. Bf1 c6 25. h3 Nd4 26. g4 Nf3+ 27. Kf2
Nd2 28. Bxd2 Rxd2+ 29. Ke3 Rb2 30. f5 Ba2 31. h4 Kg7 32. Rd1 Kf8 33. Rd6 c5 34.
g5 hxg5 35. hxg5 Rb3+ 36. Kf4 Rb4 37. f6 Ke8 38. Bh3 Rd4 39. Ke3 Rb4 40. Bd7+
Kf8 41. Bc6 Rd4 42. Bd5 1-0

[Event "European Hybrid Qual 2021"]
[Site "Tornelo INT"]
[Date "2021.05.29"]
[Round "3.2"]
[White "Petkov, Momchil"]
[Black "Oparin, Grigoriy"]
[Result "0-1"]
[WhiteTitle "FM"]
[BlackTitle "GM"]
[WhiteElo "2426"]
[BlackElo "2652"]
[WhiteFideId "2921642"]
[BlackFideId "24125890"]
[EventDate "2021.05.24"]
[EventType "k.o."]

1. e4 e5 2. Nf3 Nc6 3. Bb5 Nf6 4. d3 d6 5. O-O a6 6. Bxc6+ bxc6 7. d4 exd4 8.
Nxd4 c5 9. Nc6 Qd7 10. Na5 Qa4 11. Qe1 Be7 12. c4 O-O 13. b3 Qd7 14. Bb2 Re8 15.
Qc3 c6 16. f3 Qc7 17. a3 Rb8 18. Kh1 Be6 19. Nd2 Bf8 20. b4 d5 21. Qc2 Nd7 22.
f4 f6 23. cxd5 cxd5 24. Rac1 Qb6 25. f5 Bf7 26. exd5 cxb4 27. Ndc4 Qb5 28. Nc6
Rbc8 29. Na7 Rxc4 30. Qxc4 Qxc4 31. Rxc4 Re2 32. Bd4 Bxd5 33. Rc7 Bxg2+ 34. Kg1
Bxf1 35. Kxf1 Rd2 36. Rxd7 bxa3 37. Ke1 Bb4 38. Rd8+ Kf7 39. Bc5 Rxd8+ 40. Bxb4
a2 41. Bc3 Rb8 0-1

[Event "European Hybrid Qual 2021"]
[Site "Tornelo INT"]
[Date "2021.05.29"]
[Round "3.2"]
[White "Braun, Arik"]
[Black "Rakhmanov, Aleksandr"]
[Result "1/2-1/2"]
[WhiteTitle "GM"]
[BlackTitle "GM"]
[WhiteElo "2609"]
[BlackElo "2651"]
[WhiteFideId "4663527"]
[BlackFideId "4173708"]
[EventDate "2021.05.24"]
[EventType "k.o."]

1. d4 Nf6 2. c4 d6 3. Nf3 Bf5 4. g3 c5 5. Bg2 cxd4 6. Nxd4 Be4 7. Nf3 Nbd7 8.
Nc3 Bc6 9. O-O g6 10. Re1 Bg7 11. e4 O-O 12. Nd4 Rc8 13. b3 a6 14. Bb2 Re8 15.
Qd2 Nc5 16. Rad1 Bd7 17. h3 Qa5 18. a3 Qb6 19. b4 Na4 20. Nxa4 Bxa4 21. Rc1 Red8
22. Ne2 e6 23. Bd4 Qc7 24. Qe3 Nd7 25. Bxg7 Kxg7 26. Nf4 Qb6 27. Qc3+ Kg8 28.
Nd3 Qa7 29. h4 h5 30. e5 d5 31. Nb2 Bb5 32. Qb3 dxc4 33. Nxc4 Bxc4 34. Rxc4 b5
35. Rxc8 Rxc8 36. a4 Nb6 37. axb5 axb5 38. Qe3 Qc7 39. Bf1 Nd5 40. Qd4 Nc3 41.
Re3 Nd5 42. Re1 Nc3 43. Re3 Kg7 44. Rf3 Qc6 45. Re3 Nd5 46. Re1 Ne7 47. Qd3 Rb8
48. Rd1 Qe8 49. Bg2 Nf5 50. Be4 Nh6 51. Bf3 Rc8 52. Be2 Rc4 53. Qf3 Rc8 54. Qd3
Rb8 55. Bf3 Qc8 56. Be2 Nf5 57. Bf1 Qc7 58. Qe4 Qb6 59. Qf4 Rc8 60. Bh3 Rc4 61.
Qg5 Nd4 62. Qf6+ Kg8 63. Ra1 Rc8 64. Rd1 Qa7 65. Kh2 Rc4 66. Qd8+ Kh7 67. Bg2
Rxb4 68. Qf8 Ra4 69. Rc1 Nf3+ 70. Kh3 g5 71. Bxf3 g4+ 72. Bxg4 hxg4+ 73. Kg2
Qb7+ 74. Kg1 b4 75. Qc5 b3 76. Qc3 Qf3 77. Qxf3 gxf3 78. Rb1 Rb4 79. Kh2 Kg6 80.
g4 Rxg4 81. Rxb3 Rg2+ 82. Kh3 Rxf2 83. Kg3 Re2 84. h5+ Kg7 85. h6+ Kxh6 86. Rxf3
Kg6 87. Kf4 Rg2 88. Rf1 Rg5 89. Ra1 Rf5+ 90. Ke4 Rh5 91. Rf1 Rh4+ 92. Ke3 Kg7
93. Rg1+ Kf8 94. Ra1 Rg4 95. Rf1 Ke7 96. Rf2 Ra4 97. Rf1 Ra7 98. Ke4 Rd7 99. Rf2
Kd8 100. Rc2 Rc7 101. Rd2+ Kc8 102. Rf2 Kb7 103. Rb2+ Kc6 104. Rc2+ Kd7 105.
Rd2+ Kc8 106. Rf2 Ra7 107. Rf1 Rd7 108. Rc1+ Kb7 109. Rc2 Kb6 110. Rc1 Kb5 111.
Rc8 Rd1 112. Rc7 Re1+ 113. Kd4 Rf1 114. Ke4 Kb6 115. Rc2 Re1+ 116. Kd4 Ra1 117.
Ke4 Ra4+ 118. Ke3 Ra7 119. Ke4 Rc7 120. Rb2+ Ka5 121. Rb1 Rc4+ 122. Ke3 Rh4 123.
Rb7 Rh7 124. Rb1 Ka6 125. Ke4 Rg7 126. Rb2 Rh7 127. Rb1 Rg7 128. Rb2 Rh7 129.
Rb1 1/2-1/2

[Event "European Hybrid Qual 2021"]
[Site "Tornelo INT"]
[Date "2021.05.28"]
[Round "3.1"]
[White "Antipov, Mikhail Al."]
[Black "Brkic, Ante"]
[Result "1-0"]
[WhiteTitle "GM"]
[BlackTitle "GM"]
[WhiteElo "2609"]
[BlackElo "2592"]
[WhiteFideId "4107012"]
[BlackFideId "14506688"]
[EventDate "2021.05.24"]
[EventType "k.o."]

1. e4 e5 2. Nf3 Nc6 3. Bc4 Bc5 4. d3 Nf6 5. O-O d6 6. c3 a6 7. a4 O-O 8. h3 h6
9. Re1 a5 10. b3 Be6 11. Ra2 Bb6 12. Rae2 Nh5 13. d4 Bxc4 14. bxc4 Re8 15. Na3
Qf6 16. c5 dxc5 17. d5 Nb8 18. Nc4 Nd7 19. Rb2 Nf4 20. g3 Ng6 21. Nh2 Qd8 22.
Qh5 Ra6 23. Ng4 Nf6 24. Nxf6+ Qxf6 25. Bd2 Nf8 26. Reb1 Nd7 27. Qg4 Rd8 28. h4
Qg6 29. Qxg6 fxg6 30. Kg2 Kf7 31. f4 Re8 32. Kf3 h5 33. fxe5 Nxe5+ 34. Nxe5+
Rxe5 35. c4 Ra8 36. Bf4 Re7 37. e5 1-0

[Event "European Hybrid Qual 2021"]
[Site "Tornelo INT"]
[Date "2021.05.29"]
[Round "3.2"]
[White "Brkic, Ante"]
[Black "Antipov, Mikhail Al."]
[Result "1-0"]
[WhiteTitle "GM"]
[BlackTitle "GM"]
[WhiteElo "2592"]
[BlackElo "2609"]
[WhiteFideId "14506688"]
[BlackFideId "4107012"]
[EventDate "2021.05.24"]
[EventType "k.o."]

1. e4 e5 2. Nf3 Nc6 3. Bb5 Nf6 4. d3 Ne7 5. Bc4 c6 6. Nc3 d6 7. d4 exd4 8. Qxd4
Ng6 9. Ng5 Ne5 10. Bb3 h6 11. Nf3 Qb6 12. Be3 Qxd4 13. Nxd4 g5 14. f3 a6 15. a4
c5 16. Nde2 Be6 17. O-O-O c4 18. Ba2 b5 19. Nd4 b4 20. Nce2 Rc8 21. h4 Rg8 22.
hxg5 hxg5 23. Ng3 d5 24. Nxe6 fxe6 25. Bd4 b3 26. Bb1 Bd6 27. exd5 Nxd5 28. Ne4
Bb8 29. Rh6 Nc6 30. Bc3 g4 31. Rxe6+ Kf7 32. Rd6 Nxc3 33. bxc3 gxf3 34. gxf3 Rg2
35. Rh1 Ne5 36. Rb6 bxc2 37. Bxc2 Nd7 38. Rh7+ Rg7 39. Rb7 Bf4+ 40. Kd1 Rc7 41.
Rxc7 Bxc7 42. Ng5+ 1-0

[Event "European Hybrid Qual 2021"]
[Site "Tornelo INT"]
[Date "2021.05.29"]
[Round "3.3"]
[White "Brkic, Ante"]
[Black "Antipov, Mikhail Al."]
[Result "1-0"]
[WhiteTitle "GM"]
[BlackTitle "GM"]
[WhiteElo "2592"]
[BlackElo "2609"]
[WhiteFideId "14506688"]
[BlackFideId "4107012"]
[EventDate "2021.05.24"]
[EventType "k.o."]

1. e4 e5 2. Nf3 Nc6 3. Bb5 Nf6 4. d3 Ne7 5. d4 Nxe4 6. dxe5 a6 7. Bd3 Nc5 8. Be2
Nc6 9. O-O d6 10. Bf4 Ne6 11. Bg3 d5 12. Nc3 Ne7 13. Bd3 c6 14. Ne2 Qb6 15. b3
Nc5 16. c4 Bg4 17. Ned4 Rd8 18. cxd5 Nxd5 19. Bc4 Be7 20. Qc2 Ne6 21. Qe4 Bh5
22. Nf5 Bg6 23. N3h4 Bxh4 24. Bxh4 Rd7 25. Qf3 O-O 26. Rad1 Qc5 27. Nd6 Nb6 28.
Rfe1 Nxc4 29. bxc4 h6 30. Qg4 Kh7 31. Kh1 f5 32. Qf3 b5 33. cxb5 cxb5 34. Qb3
Nd4 35. Qe3 Ne6 36. Qxc5 Nxc5 37. e6 Nxe6 38. Rxe6 Bh5 39. f3 g5 40. Bf2 Rfd8
41. Bb6 Bf7 42. Rf6 Rb8 43. Rxf7+ Rxf7 44. Nxf7 Rxb6 45. Kg1 Rc6 46. Rd2 Rc5 47.
Nd8 a5 48. Kf2 b4 49. Ne6 Rc4 50. Nd4 f4 51. Ke2 a4 52. Kd3 Rc3+ 53. Ke4 Kg6 54.
Rb2 Re3+ 55. Kd5 b3 56. axb3 axb3 57. Rxb3 Re1 58. Rb6+ Kh5 59. Nf5 g4 60. fxg4+
Kg5 61. h3 h5 62. Nd4 hxg4 63. hxg4 Kxg4 64. Rg6+ Kh5 65. Rg8 Re3 66. Nf3 Re2
67. Kd4 Kh6 68. Kd3 Re3+ 69. Kd2 Re4 70. Rg4 Kh5 71. Rg5+ Kh6 72. Rg4 Ra4 73.
Ke2 Kh5 74. Rg8 Ra2+ 75. Kf1 Ra1+ 76. Kf2 Ra5 77. Kg1 Rb5 78. Kh2 Ra5 79. Kh3
Rb5 80. Rf8 Rb4 81. Rf5+ Kh6 82. Kg4 Rb2 83. Nh4 1-0

[Event "European Hybrid Qual 2021"]
[Site "Tornelo INT"]
[Date "2021.05.29"]
[Round "3.4"]
[White "Antipov, Mikhail Al."]
[Black "Brkic, Ante"]
[Result "1-0"]
[WhiteTitle "GM"]
[BlackTitle "GM"]
[WhiteElo "2609"]
[BlackElo "2592"]
[WhiteFideId "4107012"]
[BlackFideId "14506688"]
[EventDate "2021.05.24"]
[EventType "k.o."]

1. e4 c5 2. Nf3 d6 3. d4 cxd4 4. Nxd4 Nf6 5. Nc3 a6 6. Bg5 e6 7. f4 Qb6 8. Qd2
Qxb2 9. Rb1 Qa3 10. e5 h6 11. Bh4 dxe5 12. fxe5 Nfd7 13. Ne4 Qxa2 14. Rd1 Qd5
15. Qe3 Qxe5 16. Be2 Bc5 17. Bg3 Bxd4 18. Rxd4 Qa5+ 19. Rd2 O-O 20. Bd6 f5 21.
Bxf8 Nxf8 22. Nd6 Nbd7 23. Nc4 Qc7 24. O-O a5 25. g4 Nf6 26. Qb6 Qe7 27. Qd6
Qxd6 28. Rxd6 b5 29. Nb6 Rb8 30. Bxb5 Ne4 31. Nxc8 Rxb5 32. Rd8 Kf7 33. c4 Rc5
34. Nb6 Ng6 35. Ra8 Ne5 36. gxf5 exf5 37. Rxf5+ Kg6 38. Rf4 Nd2 39. Nd5 Ndxc4
40. Ne7+ Kh5 41. Ra6 Ne3 42. h3 Kg5 43. Re4 Rc1+ 44. Kf2 N3c4 45. Nd5 Rd1 46.
h4+ Kh5 47. Nf4+ Kg4 48. Nd3+ Kh3 49. Nxe5 Nxe5 50. Rxe5 Kxh4 51. Raxa5 Rd4 52.
Ke3 Rg4 53. Rh5+ Kg3 54. Ra1 Kg2 55. Rhh1 Rg3+ 56. Ke2 1-0

[Event "European Hybrid Qual 2021"]
[Site "Tornelo INT"]
[Date "2021.05.29"]
[Round "3.5"]
[White "Antipov, Mikhail Al."]
[Black "Brkic, Ante"]
[Result "0-1"]
[WhiteTitle "GM"]
[BlackTitle "GM"]
[WhiteElo "2609"]
[BlackElo "2592"]
[WhiteFideId "4107012"]
[BlackFideId "14506688"]
[EventDate "2021.05.24"]
[EventType "k.o."]

1. e4 e5 2. Nf3 Nc6 3. Bc4 Bc5 4. d3 Nf6 5. a4 d6 6. c3 a5 7. Bg5 h6 8. Bh4 g5
9. Bg3 Bb6 10. Nbd2 Qe7 11. Bb5 O-O 12. Nc4 Ba7 13. Bxc6 bxc6 14. Nxa5 Bxf2+ 15.
Bxf2 Rxa5 16. b4 Ra8 17. h3 Nh5 18. g4 Nf4 19. Bg3 d5 20. Ra2 Ba6 21. Rd2 Rad8
22. Rhh2 dxe4 23. dxe4 Nd3+ 24. Rxd3 Rxd3 25. Rd2 Rfd8 26. Bf2 Qe6 27. b5 Rxd2
28. Nxd2 cxb5 29. axb5 Bxb5 30. Qb1 Qc6 31. Qb4 Qd6 32. Qxd6 cxd6 33. c4 Ba6 34.
Ke2 Rc8 35. Kd3 Kf8 36. Kc3 Ke7 37. h4 gxh4 38. Bxh4+ f6 39. Bf2 Rg8 40. Be3
Rxg4 41. Bxh6 Ke6 42. Be3 Bb7 43. Kd3 f5 44. exf5+ Kxf5 45. Bb6 Ba6 46. Kc3 Bxc4
47. Nxc4 Rxc4+ 48. Kxc4 d5+ 0-1

[Event "European Hybrid Qual 2021"]
[Site "Tornelo INT"]
[Date "2021.05.28"]
[Round "3.1"]
[White "Kozak, Adam"]
[Black "Parligras, Mircea-Emilian"]
[Result "1-0"]
[WhiteTitle "GM"]
[BlackTitle "GM"]
[WhiteElo "2518"]
[BlackElo "2591"]
[WhiteFideId "753246"]
[BlackFideId "1204297"]
[EventDate "2021.05.24"]
[EventType "k.o."]

1. d4 Nf6 2. c4 e6 3. Nf3 d5 4. Nc3 Bb4 5. Qa4+ Nc6 6. Bg5 dxc4 7. e4 Bd7 8. Qc2
h6 9. Bd2 b5 10. a3 Ba5 11. Nxb5 Bxd2+ 12. Qxd2 Nxe4 13. Qf4 Nd6 14. Nxd6+ cxd6
15. Bxc4 d5 16. Bd3 Qa5+ 17. Ke2 Qb6 18. b4 O-O 19. Rhc1 f6 20. Qe3 Rae8 21. Kf1
e5 22. Bg6 Re7 23. Rc5 e4 24. Nh4 Be6 25. Rac1 Nd8 26. Bh5 Rb7 27. Ng6 Rff7 28.
Nf4 Rfd7 29. Bg6 Rbc7 30. Kg1 a6 31. Be8 Re7 32. Ng6 Rxe8 33. Rxc7 a5 34. bxa5
Qxa5 35. Qg3 Qd2 36. Nf4 Bf7 37. Nxd5 Qxd4 38. Ne7+ 1-0

[Event "European Hybrid Qual 2021"]
[Site "Tornelo INT"]
[Date "2021.05.29"]
[Round "3.2"]
[White "Parligras, Mircea-Emilian"]
[Black "Kozak, Adam"]
[Result "1/2-1/2"]
[WhiteTitle "GM"]
[BlackTitle "GM"]
[WhiteElo "2591"]
[BlackElo "2518"]
[WhiteFideId "1204297"]
[BlackFideId "753246"]
[EventDate "2021.05.24"]
[EventType "k.o."]

1. e4 e5 2. Nf3 Nc6 3. Bc4 Bc5 4. c3 Nf6 5. d4 exd4 6. e5 d5 7. Bb5 Ne4 8. cxd4
Bb6 9. Nc3 O-O 10. Be3 Bg4 11. h3 Bh5 12. Qa4 Nxc3 13. bxc3 f6 14. Bxc6 bxc6 15.
exf6 Bxf3 16. fxg7 Re8 17. gxf3 c5 18. dxc5 Bxc5 19. O-O-O Bxe3+ 20. fxe3 Rxe3
21. Qc6 Rb8 22. Rhg1 Qd6 23. Qxd6 cxd6 24. Kc2 Rxf3 25. Rxd5 Rf2+ 26. Kd3 Rf3+
27. Kd4 Rc8 28. Rxd6 Rxh3 29. Rd7 a5 30. Rg5 Rh2 31. Ra7 Rd2+ 32. Ke4 Rxa2 33.
Rf5 a4 34. Kd3 Ra3 35. Rf8+ Rxf8 36. gxf8=R+ Kxf8 37. Rxh7 Ra1 38. Ra7 Ke8 39.
Kd4 Kd8 40. c4 a3 41. Kc5 a2 42. Kc6 Rc1 43. Rxa2 Rxc4+ 44. Kb5 Rc7 45. Ra6 Kd7
46. Kb6 Rc6+ 47. Kb5 Rxa6 48. Kxa6 1/2-1/2

[Event "European Hybrid Qual 2021"]
[Site "Tornelo INT"]
[Date "2021.05.28"]
[Round "3.1"]
[White "Zvjaginsev, Vadim"]
[Black "Dreev, Aleksey"]
[Result "1-0"]
[WhiteTitle "GM"]
[BlackTitle "GM"]
[WhiteElo "2614"]
[BlackElo "2647"]
[WhiteFideId "4113403"]
[BlackFideId "4100107"]
[EventDate "2021.05.24"]
[EventType "k.o."]

1. e4 c6 2. d4 d5 3. f3 e6 4. Nc3 Bb4 5. e5 c5 6. a3 Bxc3+ 7. bxc3 Ne7 8. f4 b6
9. Nf3 Qd7 10. a4 Ba6 11. Bxa6 Nxa6 12. Qe2 Qb7 13. O-O Rc8 14. Ba3 Nb8 15. a5
Nd7 16. g4 Qc6 17. Nh4 h5 18. f5 hxg4 19. Qxg4 Nf8 20. axb6 axb6 21. dxc5 Nd7
22. cxb6 Nxe5 23. Qd4 f6 24. Bxe7 Kxe7 25. Ra7+ Kd6 26. fxe6 Rxh4 27. Qxh4 Qxc3
28. Qf2 1-0

[Event "European Hybrid Qual 2021"]
[Site "Tornelo INT"]
[Date "2021.05.29"]
[Round "3.2"]
[White "Dreev, Aleksey"]
[Black "Zvjaginsev, Vadim"]
[Result "1/2-1/2"]
[WhiteTitle "GM"]
[BlackTitle "GM"]
[WhiteElo "2647"]
[BlackElo "2614"]
[WhiteFideId "4100107"]
[BlackFideId "4113403"]
[EventDate "2021.05.24"]
[EventType "k.o."]

1. d4 d5 2. c4 e6 3. Nc3 Nf6 4. cxd5 exd5 5. Bg5 c6 6. e3 Be7 7. Bd3 O-O 8. Nf3
h6 9. Bf4 Bd6 10. Bg3 Qe7 11. Qc2 Re8 12. Bh4 Qe6 13. Nd2 Na6 14. a3 Nh5 15. Be2
Qg6 16. Qxg6 fxg6 17. Rc1 Nb8 18. O-O Nd7 19. Bd3 Nf8 20. e4 Bf4 21. Rcd1 g5 22.
Bg3 Bg4 23. f3 Be3+ 24. Bf2 Bxf2+ 25. Kxf2 Nf4 26. Bb1 Bh5 27. g3 N4e6 28. exd5
cxd5 29. Nxd5 Rad8 30. Ba2 Bf7 31. Ne4 Nf4 32. Nc7 Re7 33. Bxf7+ Rxf7 34. Nb5
Nd5 35. Nxa7 g4 36. f4 g5 37. f5 Nc7 38. d5 Rxf5+ 39. Kg2 Nxd5 40. Rd3 Nf4+ 41.
Rxf4 Rxf4 42. Rxd8 Rxe4 43. Kf2 Re5 44. b4 Kf7 45. Rb8 Rf5+ 46. Ke2 Re5+ 47. Kd3
Rd5+ 48. Kc3 Rd7 49. Nb5 Ke7 50. Nd4 Ng6 51. a4 Ne5 52. Rh8 Rc7+ 53. Kb3 Nf7 54.
Rb8 Rd7 55. Kc3 Nd6 56. Rh8 Kf6 57. Rxh6+ Ke5 58. Re6+ Kd5 59. Kd3 Nc4 60. Re8 1/2-1/2

[Event "European Hybrid Qual 2021"]
[Site "Tornelo INT"]
[Date "2021.05.28"]
[Round "3.1"]
[White "Laznicka, Viktor"]
[Black "Erdos, Viktor"]
[Result "1/2-1/2"]
[WhiteTitle "GM"]
[BlackTitle "GM"]
[WhiteElo "2647"]
[BlackElo "2614"]
[WhiteFideId "316385"]
[BlackFideId "719978"]
[EventDate "2021.05.24"]
[EventType "k.o."]

1. c4 c5 2. g3 g6 3. Bg2 Bg7 4. Nc3 Nf6 5. e3 e6 6. Nge2 O-O 7. d4 cxd4 8. Nxd4
d5 9. cxd5 Nxd5 10. Nxd5 exd5 11. Bd2 Nc6 12. Bc3 Qb6 13. O-O 1/2-1/2

[Event "European Hybrid Qual 2021"]
[Site "Tornelo INT"]
[Date "2021.05.29"]
[Round "3.2"]
[White "Erdos, Viktor"]
[Black "Laznicka, Viktor"]
[Result "1/2-1/2"]
[WhiteTitle "GM"]
[BlackTitle "GM"]
[WhiteElo "2614"]
[BlackElo "2647"]
[WhiteFideId "719978"]
[BlackFideId "316385"]
[EventDate "2021.05.24"]
[EventType "k.o."]

1. e4 c5 2. Nf3 d6 3. Bb5+ Nc6 4. O-O Bd7 5. Re1 Nf6 6. c3 a6 7. Bf1 Bg4 8. h3
Bxf3 9. Qxf3 g6 10. d3 Bg7 11. Be3 Nd7 12. Qd1 O-O 13. Nd2 b5 14. Nf3 e5 15. Rc1
Re8 16. g3 Rc8 17. Bg2 Qe7 18. Nh2 Nb6 19. h4 h5 20. Qf3 Qf6 21. Qe2 Qe7 22. Qf3
Qf6 23. Qe2 Qe7 24. Rcd1 Nd7 25. Bg5 Bf6 26. Bc1 Bg7 27. Bg5 Bf6 28. Bc1 Bg7 29.
Bg5 1/2-1/2

[Event "European Hybrid Qual 2021"]
[Site "Tornelo INT"]
[Date "2021.05.29"]
[Round "3.3"]
[White "Erdos, Viktor"]
[Black "Laznicka, Viktor"]
[Result "0-1"]
[WhiteTitle "GM"]
[BlackTitle "GM"]
[WhiteElo "2614"]
[BlackElo "2647"]
[WhiteFideId "719978"]
[BlackFideId "316385"]
[EventDate "2021.05.24"]
[EventType "k.o."]

1. e4 d5 2. exd5 Qxd5 3. Nc3 Qa5 4. d4 Nf6 5. Nf3 Bf5 6. Bc4 e6 7. Bd2 Bb4 8. a3
Bxc3 9. Bxc3 Qb6 10. d5 exd5 11. Bxd5 O-O 12. Bxf6 gxf6 13. O-O Nd7 14. Qd4 Rad8
15. Qxb6 axb6 16. Bxb7 Nc5 17. Bc6 Rd6 18. b4 Ne6 19. Ba4 Rfd8 20. Bb3 Be4 21.
Rfe1 f5 22. Ne5 Kg7 23. f3 Bb7 24. Nc4 R6d7 25. Ne5 Rd6 26. a4 Kf6 27. a5 bxa5
28. Nc4 Rd4 29. Ra2 axb4 30. Ra7 Bd5 31. Na5 Ra8 32. Rxa8 Bxa8 33. Kf2 f4 34.
Nc4 Bd5 35. Ne5 Rd2+ 36. Kg1 Bxb3 37. cxb3 Nd4 38. Nd7+ Kg7 39. Nc5 Rc2 40. Re5
Rc3 41. Rd5 Nxb3 42. Ne4 Rc1+ 43. Kf2 c5 44. Rd7 Na1 45. Nd6 b3 46. Rxf7+ Kg6
47. Rb7 c4 48. Rb6 c3 49. Nb5+ Kf7 50. Nd4 b2 51. Rb7+ Kf6 52. Rb6+ Ke5 53. Ne2
b1=Q 0-1

[Event "European Hybrid Qual 2021"]
[Site "Tornelo INT"]
[Date "2021.05.29"]
[Round "3.4"]
[White "Laznicka, Viktor"]
[Black "Erdos, Viktor"]
[Result "1-0"]
[WhiteTitle "GM"]
[BlackTitle "GM"]
[WhiteElo "2647"]
[BlackElo "2614"]
[WhiteFideId "316385"]
[BlackFideId "719978"]
[EventDate "2021.05.24"]
[EventType "k.o."]

1. d4 Nf6 2. c4 g6 3. Nf3 Bg7 4. g3 O-O 5. Bg2 d6 6. O-O Nbd7 7. Nc3 e5 8. h3
Re8 9. dxe5 dxe5 10. e4 c6 11. Be3 Qe7 12. Qc2 Nc5 13. b4 Ne6 14. c5 Nh5 15.
Rad1 a5 16. a3 axb4 17. axb4 Qf8 18. Na4 Nc7 19. Nb6 Ra3 20. Nxc8 Rxc8 21. Bc1
Ra1 22. Bb2 Rxd1 23. Rxd1 Qe7 24. h4 Nb5 25. Bh3 Rd8 26. Rxd8+ Qxd8 27. Qd2 Nd4
28. Bxd4 exd4 29. Qd3 Nf6 30. e5 Nd5 31. Qxd4 Qa8 32. b5 Qa3 33. Kg2 Bf8 34.
bxc6 bxc6 35. Bd7 Bxc5 36. Qd2 Qa6 37. e6 Ne7 38. exf7+ Kxf7 39. Ng5+ Kg8 40.
Be6+ 1-0

[Event "European Hybrid Qual 2021"]
[Site "Tornelo INT"]
[Date "2021.05.28"]
[Round "3.1"]
[White "Movsesian, Sergei"]
[Black "Svane, Rasmus"]
[Result "1/2-1/2"]
[WhiteTitle "GM"]
[BlackTitle "GM"]
[WhiteElo "2647"]
[BlackElo "2615"]
[WhiteFideId "310204"]
[BlackFideId "4657101"]
[EventDate "2021.05.24"]
[EventType "k.o."]

1. e4 e5 2. Nf3 Nc6 3. Bc4 Bc5 4. c3 Nf6 5. d3 a6 6. O-O d6 7. a4 Ba7 8. Nbd2
O-O 9. h3 h6 10. Re1 Re8 11. b4 Be6 12. Bxe6 Rxe6 13. Qc2 Qd7 14. Nf1 d5 15. Be3
Bxe3 16. Nxe3 Rd8 17. b5 Ne7 18. c4 d4 19. Nf5 Re8 20. Ng3 Ng6 21. Rab1 Nf4 22.
c5 axb5 23. Rxb5 Qc6 24. Kh2 Qa6 25. Nf5 Ra8 26. Ra1 Nd7 27. g3 Ng6 28. h4 Ne7
29. g4 Ng6 30. Kg3 b6 31. cxb6 Rxb6 32. Rxb6 cxb6 33. Qc7 Nc5 34. h5 Ne6 35. Qd7
Ngf8 36. Qd5 Rd8 37. Qb5 Qxb5 38. axb5 f6 39. Ne7+ Kh7 40. Nd5 Nc5 41. Ra3 Nfe6
42. Nd2 Rc8 43. Kf3 Nc7 44. Nxc7 Rxc7 45. Ke2 Ne6 46. Nc4 Rc5 47. Rb3 Nc7 48.
Nxb6 Nxb5 49. Nd7 Nc3+ 50. Kf3 Rc8 51. Rb7 Kg8 52. Nb6 Rc5 53. Rb8+ Kf7 54. Rb7+
Kg8 55. Rb8+ Kf7 56. Nc4 Rc7 57. Nd6+ Ke6 58. Nf5 Kf7 59. Rh8 Rd7 60. Rc8 Nb5
61. Kg3 Nd6 62. Nxd6+ Rxd6 63. Rc7+ Kf8 64. Rc8+ Kf7 65. Rc7+ Kf8 66. Rc8+ Kf7 1/2-1/2

[Event "European Hybrid Qual 2021"]
[Site "Tornelo INT"]
[Date "2021.05.29"]
[Round "3.2"]
[White "Svane, Rasmus"]
[Black "Movsesian, Sergei"]
[Result "1/2-1/2"]
[WhiteTitle "GM"]
[BlackTitle "GM"]
[WhiteElo "2615"]
[BlackElo "2647"]
[WhiteFideId "4657101"]
[BlackFideId "310204"]
[EventDate "2021.05.24"]
[EventType "k.o."]

1. e4 c5 2. Nf3 e6 3. d4 cxd4 4. Nxd4 Nc6 5. Nc3 Qc7 6. Be3 a6 7. g4 b5 8. Nxc6
dxc6 9. Qf3 e5 10. h4 h6 11. Rg1 Be6 12. O-O-O Bb4 13. a3 Be7 14. g5 hxg5 15.
hxg5 Rd8 16. Bd3 Qa5 17. Nb1 Rh3 18. Rg3 Rh2 19. Rgg1 Rh3 20. Qg2 Rb8 21. Rh1
Rxh1 22. Qxh1 b4 23. a4 Bc5 24. b3 Bxe3+ 25. fxe3 Qc5 26. Kb2 a5 27. g6 Qxe3 28.
gxf7+ Bxf7 29. Qh2 Qd4+ 30. Ka2 Rd8 31. Rf1 Nh6 32. Qg3 Qc5 33. Kb2 Qd4+ 34. Ka2
Qc5 35. Rf2 Rd6 36. Rf1 Rf6 37. Rxf6 gxf6 38. Nd2 Qc3 39. Qg2 Ng8 40. Nc4 Bxc4
41. Bxc4 Ne7 42. Qf2 Nc8 43. Kb1 Nd6 44. Qxf6 Qd4 45. Be6 Nxe4 46. Qf7+ Kd8 47.
Qf8+ Kc7 48. Qc8+ Kb6 49. Qb8+ Kc5 50. Qa7+ Kd6 51. Qd7+ Kc5 52. Qa7+ Kd6 53.
Qd7+ Kc5 54. Qa7+ 1/2-1/2

[Event "European Hybrid Qual 2021"]
[Site "Tornelo INT"]
[Date "2021.05.29"]
[Round "3.3"]
[White "Svane, Rasmus"]
[Black "Movsesian, Sergei"]
[Result "1-0"]
[WhiteTitle "GM"]
[BlackTitle "GM"]
[WhiteElo "2615"]
[BlackElo "2647"]
[WhiteFideId "4657101"]
[BlackFideId "310204"]
[EventDate "2021.05.24"]
[EventType "k.o."]

1. e4 c5 2. Nf3 e6 3. d4 cxd4 4. Nxd4 a6 5. g3 Nf6 6. Bg2 Qc7 7. O-O d6 8. b3 e5
9. Ne2 b5 10. Nbc3 Bb7 11. Be3 Nbd7 12. Rc1 Nc5 13. Nd5 Nxd5 14. exd5 Be7 15. f4
exf4 16. Nxf4 O-O 17. Bd4 Nd7 18. c4 bxc4 19. Rxc4 Qd8 20. Nh5 g6 21. Qd2 Bg5
22. Qb4 Rb8 23. Qxd6 gxh5 24. Rc7 Bc8 25. Bh3 Rb6 26. Rc6 Rxc6 27. dxc6 Nb6 28.
Qe5 f6 29. Be6+ Kh8 30. c7 Qe7 31. Qxg5 Qxe6 32. Rxf6 1-0